<?xml version="1.0" encoding="UTF-8"?>
<record
    xmlns:xsi="http://www.w3.org/2001/XMLSchema-instance"
    xsi:schemaLocation="http://www.loc.gov/MARC21/slim http://www.loc.gov/standards/marcxml/schema/MARC21slim.xsd"
    xmlns="http://www.loc.gov/MARC21/slim">

  <leader>01193nam a22001577a 4500</leader>
  <datafield tag="999" ind1=" " ind2=" ">
    <subfield code="c">518866</subfield>
    <subfield code="d">518866</subfield>
  </datafield>
  <controlfield tag="008">211217b           ||||| |||| 00| 0 eng d</controlfield>
  <datafield tag="100" ind1=" " ind2=" ">
    <subfield code="a">Lens, Vicki  and Kanelstein, Samantha </subfield>
    <subfield code="9">31100</subfield>
  </datafield>
  <datafield tag="245" ind1=" " ind2=" ">
    <subfield code="a">Mapping immigration policy at the southern border: An administrative and judicial analysis</subfield>
  </datafield>
  <datafield tag="260" ind1=" " ind2=" ">
    <subfield code="a">Administration &amp; Society  </subfield>
  </datafield>
  <datafield tag="300" ind1=" " ind2=" ">
    <subfield code="a">53(6), Jul, 2021: p.817-843</subfield>
  </datafield>
  <datafield tag="520" ind1=" " ind2=" ">
    <subfield code="a">Presidents are increasingly relying on a mode of governing&#x2014;presidentialism&#x2014;that produces radical shifts in public policy through the administrative state, rather than through Congress. Most recently, using the tools of the administrative state rather than legislative action, the Trump Administration has reinterpreted the laws governing asylum, especially as to citizens from Central America seeking refuge from violence and dire poverty. Through a legal analysis of the judiciary&#x2019;s response to these reforms, this article examines the limits and constraints of presidential administrative power. &#x2013; Reproduced </subfield>
  </datafield>
  <datafield tag="650" ind1=" " ind2=" ">
    <subfield code="a">Immigration law, Asylum, Presidentialism, Administrative state, Judiciary</subfield>
    <subfield code="9">28858</subfield>
  </datafield>
  <datafield tag="773" ind1=" " ind2=" ">
    <subfield code="a">Administration &amp; Society  </subfield>
  </datafield>
  <datafield tag="906" ind1=" " ind2=" ">
    <subfield code="a">IMMIGRATION LAW</subfield>
  </datafield>
  <datafield tag="942" ind1=" " ind2=" ">
    <subfield code="c">AR</subfield>
  </datafield>
  <datafield tag="952" ind1=" " ind2=" ">
    <subfield code="0">0</subfield>
    <subfield code="1">0</subfield>
    <subfield code="2">ddc</subfield>
    <subfield code="4">0</subfield>
    <subfield code="7">0</subfield>
    <subfield code="9">392922</subfield>
    <subfield code="a">IIPA</subfield>
    <subfield code="b">IIPA</subfield>
    <subfield code="d">2021-12-17</subfield>
    <subfield code="h">53(6), Jul, 2021: p.817-843</subfield>
    <subfield code="p">AR125910</subfield>
    <subfield code="r">2021-12-17</subfield>
    <subfield code="y">AR</subfield>
  </datafield>
</record>
